Toutes Les Thèmes Des Saisons De Fortnite - Statistiques

Statistiques générales
  • Ce quiz a été pris 51 fois
  • Le résultat moyen est 6 sur 31
Statistiques - réponses
Saisons Nom Saisons % Correct
Saison 8 Chapitre 2 Incubation
41%
Saison 7 Chapitre 2 Invasion
38%
Saison 3 Chapitre 3 Relax
36%
Saison 4 Chapitre 3 Paradis
31%
Saison 5 Chapitre 2 Point Zéro
31%
Saison 4 Chapitre 4 Dernière Danse
26%
Saison 3 Chapitre 4 Enfer Vert
26%
Saison 5 Chapitre 1 Le Choc Des Mondes
26%
Saison 2 Chapitre 3 Résistance
26%
Saison 2 Chapitre 4 MEGA
23%
Saison 1 Chapitre 3 Retournement
23%
Saison 3 Chapitre 5 Débridé
21%
Saison 4 Chapitre 5 Jugement Fatal
21%
Saison 2 Chapitre 5 Mythes Et Mortels
21%
Saison 4 Chapitre 1 Superproduction
21%
Saison 2 Chapitre 2 Top Secret
21%
Saison 1 Chapitre 1 Aucun
15%
Saison 2 Chapitre 1 Aucun
15%
Saison 3 Chapitre 1 Aucun
15%
Saison 6 Chapitre 2 Instinct Primitif
15%
Saison 9 Chapitre 1 Le Futur Est A Vous
13%
Saison 1 Chapitre 4 Médiéval
10%
Saison 1 Chapitre 2 Nouveau Monde
10%
Saison 5 Chapitre 4 Original
10%
Saison 6 Chapitre 1 Au Cœur Des Ombres
8%
Saison 7 Chapitre 1 Il Faudra bien Vous Couvrir
8%
Saison 4 Chapitre 2 Le Noeud Du Conflit
8%
Saison 3 Chapitre 2 Faites Des Vagues
5%
Saison X Chapitre 1 Hors Du Temps
5%
Saison 1 Chapitre 5 Subvertion
0%
Saison 8 Chapitre 1 X Ouvre La Voie
0%
Aucun quiz correspondant
Distribution des résultats
% des personnes avec chaque résultat
Percentile par nombre de réponses
Votre historique - résultats
Vous n’avez pas pris ce quiz